|
|
|
|
| LEADER |
01151nam a2200277 a 4500 |
| 001 |
GR-MES13221 |
| 008 |
070926s gr b 001 0 gre d |
| 020 |
|
|
|a 0849319137
|q (Hardcover)
|
| 020 |
|
|
|q (Hardcover)
|z 0-8493-1913-6
|
| 040 |
|
|
|a GrPaTEI
|b gre
|c GR-PaULI
|
| 040 |
|
|
|a GrPaTEI
|b gre
|c GR-PaULI
|
| 082 |
|
0 |
|a 621.382
|2 21
|
| 245 |
0 |
0 |
|a Fundamentals of DSL technology ; Edited by: Philip Golden ; Herve Dedieu.
|
| 260 |
|
|
|a Boca Raton :
|b Auerbach publications,
|c c2006
|
| 300 |
|
|
|a 457σ. :
|b εικ. ;
|c 26εκ.
|
| 504 |
|
|
|a Περιλαμβάνει βιβλιογραφίες και ευρετήριο.
|
| 650 |
|
0 |
|a Digital subscriber lines
|
| 650 |
|
4 |
|a ΜΗΧΑΝΙΚΗ ΕΠΙΚΟΙΝΩΝΙΩΝ
|
| 650 |
|
4 |
|a ΨΗΦΙΑΚΑ ΚΥΚΛΩΜΑΤΑ
|
| 700 |
1 |
|
|a Dedieu, Herve
|
| 700 |
1 |
|
|a Golden, Philip
|
| 700 |
1 |
|
|a Jacobsen, Krista
|
| 942 |
|
|
|2 ddc
|
| 952 |
|
|
|0 0
|1 0
|2 ddc
|4 0
|6 621_382000000000000_FUN
|7 0
|9 271729
|a MSLG
|b MSLG
|c BSC
|d 2021-01-17
|e 24
|f 0
|g 0.00
|l 0
|o 621.382 FUN
|p 2420000022590
|r 2021-01-17 00:00:00
|t 1
|w 2021-01-17
|y BK15
|x 20070926 0 ΤΣΑΝΤΑΡΛΙΩΤΗ 1
|x GrPaTEI
|
| 971 |
|
|
|a .b25792696
|b 15-04-20
|c 13-09-16
|
| 999 |
|
|
|c 157012
|d 157012
|